Normal view
MARC view
- راضي، علي عبد الجليل
Entry Personal Name
001 - CONTROL NUMBER
- control field: 39871
003 - CONTROL NUMBER IDENTIFIER
- control field: JO-AjAnu
005 - DATE AND TIME OF LATEST TRANSACTION
- control field: 20230606080628.0
008 - FIXED-LENGTH DATA ELEMENTS
- fixed length control field: 230606|| aca||aabn | a|a d
040 ## - CATALOGING SOURCE
- Original cataloging agency: JO-AjAnu
- Transcribing agency: JO-AjAnu
100 ## - HEADING--PERSONAL NAME
- Personal name: راضي، علي عبد الجليل
670 ## - SOURCE DATA FOUND
- Source citation: Work cat.: (JO-AjAnu)20443: راضي، علي عبد الجليل, author, العالم غير المنظور : بحث شامل في الروح والإنسان والموت ، قصة الخلق والملائكة والجن والجنة والنار على ضوء أحدث النظريات العلمية